Tiddler (Record no. 118270)

MARC details
000 -LÍDER
campo de controle de tamanho fixo 01032 a2200301 4500
001 - NÚMERO DE CONTROLE
campo de controle 118270
020 ## - ISBN - INTERNATIONAL STANDARD BOOK NUMBER
ISBN - International Standard Book Number 9786586959086
020 ## - ISBN - INTERNATIONAL STANDARD BOOK NUMBER
Informação qualificadora broch.
041 ## - CÓDIGO DE IDIOMA
Código do idioma do texto/trilha sonora ou título diferente por
082 ## - CDD - CLASSIFICAÇÃO DECIMAL DE DEWEY
Número de Classificação [E]
040 ## - FONTE DA CATALOGAÇÃO
Instituição da catalogação original BR-BrIDEA
Instituição que transcreveu o registro BR-BrIDEA
090 ## - NÚMERO DE CHAMADA LOCAL
Número de chamada (OCLC) (R); Número de chamada, CALL (RLIN) (NR) SK [E]
Número Cutter local (OCLC); Número de classificação do livro, CALL (RLIN) DON
100 ## - ENTRADA PRINCIPAL--NOME PESSOAL
Nome pessoal Donaldson, Julia.
245 10 - TÍTULO
Título Tiddler
Indicação de responsabilidade, etc. Julia Donaldson ; ilustração de Axel Scheffler
260 ## - PUBLICAÇÃO, DISTRIBUIÇÃO, ETC.
Local de publicação, distribuição, etc. Campinas, SP
Nome do editor, distribuidor, etc. Nanabooks
Data da publicação, distribuição, etc. 2021
300 ## - DESCRIÇÃO FÍSICA
Extensão [32] p.
520 ## - NOTA DE RESUMO, ETC
Resumo, etc. Todos os dias, Tiddler chega atrasado à escola e todos os dias ele conta uma aventura para a professora. Será que ele realmente montou um cavalo-marinho? Será que ele conheceu mesmo uma sereia? Será que tudo o que ele diz aconteceu ou foi só imaginação?
521 ## - NOTA DO PÚBLICO ALVO
Nota de público alvo SK
697 ## - ENTRADA DE ASSUNTO LOCAL--ENTIDADE COLETIVA (RLIN)
Nome corporativo ou nome da jurisdição Truthfulness and falsehood
697 ## - ENTRADA DE ASSUNTO LOCAL--ENTIDADE COLETIVA (RLIN)
Nome corporativo ou nome da jurisdição Fishes - Fiction.
697 ## - ENTRADA DE ASSUNTO LOCAL--ENTIDADE COLETIVA (RLIN)
Nome corporativo ou nome da jurisdição Fishes
697 ## - ENTRADA DE ASSUNTO LOCAL--ENTIDADE COLETIVA (RLIN)
Nome corporativo ou nome da jurisdição Picture books for children.
697 ## - ENTRADA DE ASSUNTO LOCAL--ENTIDADE COLETIVA (RLIN)
Nome corporativo ou nome da jurisdição Tall tales
697 ## - ENTRADA DE ASSUNTO LOCAL--ENTIDADE COLETIVA (RLIN)
Nome corporativo ou nome da jurisdição Truthfulness and falsehood - Fiction.
700 ## - ENTRADA ADICIONADA - NOME PESSOAL
Nome pessoal Scheffler, Axel
Função do autor por extenso ilustrador
856 ## - LOCALIZAÇÃO ELETRÔNICA E ACESSO
Uniform Resource Identifier <a href="00002f/00002f81.jpg">00002f/00002f81.jpg</a>
942 ## - ELEMENTOS DE ENTRADA ADICIONADOS (KOHA)
Tipo de material Koha Livros
Holdings
Situação do descarte Situação das perdas Fonte da classificação ou esquema de arquivamento na estante Situação física Não pode ser emprestado Biblioteca de origem Biblioteca atual Data de aquisição Total de empréstimos Número de chamada completo Código de barras Data de último acesso Data do preço efetivo Tipo de material Koha
    Classificação Decimal de Dewey     ECB - SUDOESTE ECB - SUDOESTE 30/03/2022   SK [E] DON 00057953SSW 23/01/2024 23/01/2024 Livros